[Event "MVP-ch Seniors op 18th"]
[Site "Ostseebad Binz"]
[Date "2018.12.03"]
[Round "6"]
[White "Pamperin, Gerhard"]
[Black "Blodig, Reinhard"]
[Result "0-1"]
[WhiteElo "1909"]
[BlackElo "2041"]
[PlyCount "70"]
[EventDate "2018.11.28"]
[EventType "swiss"]
[EventRounds "9"]
[EventCountry "GER"]
[SourceTitle "CBM 188 Extra"]
[Source "ChessBase"]
[SourceDate "2019.02.26"]
[SourceVersion "1"]
[SourceVersionDate "2019.02.26"]
[SourceQuality "1"]

1. d4 g6 2. c4 f5 3. Nc3 Bg7 4. Nf3 d6 5. g3 Nf6 6. Bg2 0-0 7. 0-0 a5 8. a3 Qe8 9. Nd2 c6 10. e4 e5 11. dxe5 dxe5 12. exf5 gxf5 13. Re1 Rf7 14. Qc2 Na6 15. Nf1 Nc5 16. b3 e4 17. Bb2 Be6 18. Red1 Nd3 19. Bc1 Ng4 20. Be3 Qe7 21. Ra2 Qf6 22. Ne2 Rd7 23. Qb1 a4 24. Rad2 axb3 25. Qxb3 Nxe3 26. fxe3 b5 27. Nd4 Bxc4 28. Qc2 Rxa3 29. Qb1 Rxd4 30. exd4 Qxd4+ 31. Kh1 c5 32. h3 b4 33. Nh2 Nf2+ 34. Rxf2 Qxf2 35. Bf1 Be6 0-1

[Event "MVP-ch Seniors op 18th"]
[Site "Ostseebad Binz"]
[Date "2018.11.29"]
[Round "2"]
[White "Hondema, Evert C"]
[Black "Blodig, Reinhard"]
[Result "1/2-1/2"]
[WhiteElo "1915"]
[BlackElo "2041"]
[PlyCount "53"]
[EventDate "2018.11.28"]
[EventType "swiss"]
[EventRounds "9"]
[EventCountry "GER"]
[SourceTitle "CBM 188 Extra"]
[Source "ChessBase"]
[SourceDate "2019.02.26"]
[SourceVersion "1"]
[SourceVersionDate "2019.02.26"]
[SourceQuality "1"]

1. d4 g6 2. Bf4 d6 3. Nf3 Bg7 4. h3 Nd7 5. e3 b6 6. Nbd2 Bb7 7. Be2 Ngf6 8. 0-0 0-0 9. c3 c5 10. Bh2 a6 11. a4 Ra7 12. Qb1 Qa8 13. b4 cxd4 14. cxd4 Ne4 15. Nxe4 Bxe4 16. Qb2 Rc8 17. Rfc1 Rac7 18. Rxc7 Rxc7 19. Rc1 Rxc1+ 20. Qxc1 Nf6 21. Qc4 Nd5 22. Bg3 Bf6 23. Kh2 a5 24. b5 Nb4 25. Ne1 Qd8 26. Bf3 Bf5 27. Be2 1/2-1/2

[Event "Oberpfalz-ch M1"]
[Site "Bad Koetzting"]
[Date "2018.03.27"]
[Round "8"]
[White "Blodig, Reinhard"]
[Black "Brunner, Tobias"]
[Result "1-0"]
[WhiteElo "2067"]
[BlackElo "1888"]
[PlyCount "79"]
[EventDate "2018.03.24"]
[EventType "swiss"]
[EventRounds "8"]
[EventCountry "GER"]
[SourceTitle "EXT 2020"]
[Source "ChessBase"]
[SourceDate "2019.10.17"]
[SourceVersion "1"]
[SourceVersionDate "2019.10.17"]
[SourceQuality "1"]

1. g3 d5 2. Nf3 Nf6 3. Bg2 Bf5 4. c4 e6 5. 0-0 c6 6. cxd5 exd5 7. d3 Bd6 8. Nc3 0-0 9. Bg5 Be7 10. e4 dxe4 11. dxe4 Be6 12. Qc2 h6 13. Rfd1 Qc8 14. Bf4 Na6 15. Nd4 Bg4 16. f3 Bd7 17. a3 Bc5 18. Kh1 Bxd4 19. Rxd4 Nc7 20. Bd6 Re8 21. Rc1 Ne6 22. Rd2 Nf8 23. Qd1 a6 24. e5 N6h7 25. Nd5 Bh3 26. Ne7+ Rxe7 27. Bxe7 Bxg2+ 28. Kxg2 Qe6 29. Bxf8 Nxf8 30. f4 Qf5 31. Rc3 Ne6 32. Qf3 g5 33. fxg5 Qxg5 34. Rd7 Rf8 35. Qe4 Rd8 36. h4 Qg7 37. Rcd3 Rxd7 38. Rxd7 b5 39. Ra7 Qf8 40. Qxc6 1-0

[Event "Oberpfalz-ch M1"]
[Site "Bad Koetzting"]
[Date "2018.03.27"]
[Round "7"]
[White "Uphoff, Lennart"]
[Black "Blodig, Reinhard"]
[Result "1/2-1/2"]
[WhiteElo "2067"]
[BlackElo "2067"]
[PlyCount "30"]
[EventDate "2018.03.24"]
[EventType "swiss"]
[EventRounds "8"]
[EventCountry "GER"]
[SourceTitle "EXT 2020"]
[Source "ChessBase"]
[SourceDate "2019.10.17"]
[SourceVersion "1"]
[SourceVersionDate "2019.10.17"]
[SourceQuality "1"]

1. d4 Nf6 2. c4 c5 3. d5 b5 4. cxb5 a6 5. bxa6 g6 6. Nc3 Bxa6 7. e4 Bxf1 8. Kxf1 d6 9. Nf3 Bg7 10. g3 Nbd7 11. Kg2 Ra6 12. a4 0-0 13. Qc2 Qa8 14. Rd1 Rb8 15. Ra3 Rb4 1/2-1/2

[Event "Oberpfalz-ch M1"]
[Site "Bad Koetzting"]
[Date "2018.03.24"]
[Round "1"]
[White "Blodig, Reinhard"]
[Black "Paar, Johannes"]
[Result "1-0"]
[WhiteElo "2067"]
[BlackElo "1997"]
[PlyCount "43"]
[EventDate "2018.03.24"]
[EventType "swiss"]
[EventRounds "8"]
[EventCountry "GER"]
[SourceTitle "EXT 2020"]
[Source "ChessBase"]
[SourceDate "2019.10.17"]
[SourceVersion "1"]
[SourceVersionDate "2019.10.17"]
[SourceQuality "1"]

1. g3 Nf6 2. Bg2 d5 3. c4 c6 4. Nf3 e6 5. b3 Bd6 6. d4 0-0 7. 0-0 Nbd7 8. Bb2 Ne4 9. Nfd2 f5 10. Nxe4 fxe4 11. f3 exf3 12. Rxf3 Rxf3 13. Bxf3 Qg5 14. Qd2 Qf6 15. Nc3 e5 16. cxd5 exd4 17. Ne4 Qe7 18. Nxd6 Qxd6 19. Qxd4 Nf6 20. dxc6 Qe7 21. Rd1 Bh3 22. cxb7 1-0

[Event "North Austria-ch Seniors 65"]
[Site "Spitz am Donau"]
[Date "2017.10.13"]
[Round "6"]
[White "Blodig, Reinhard"]
[Black "Danner, Lambert"]
[Result "1/2-1/2"]
[WhiteElo "2059"]
[BlackElo "2054"]
[PlyCount "48"]
[EventDate "2017.10.08"]
[EventType "swiss"]
[EventRounds "7"]
[EventCountry "AUT"]
[SourceTitle "CBM 181 Extra"]
[Source "ChessBase"]
[SourceDate "2017.12.12"]
[SourceVersion "1"]
[SourceVersionDate "2017.12.12"]
[SourceQuality "1"]

1. e4 Nf6 2. e5 Nd5 3. d4 d6 4. Nf3 dxe5 5. dxe5 Bg4 6. Be2 e6 7. 0-0 Nd7 8. c4 Ne7 9. Nbd2 Ng6 10. Qb3 Ngxe5 11. Nxe5 Bxe2 12. Re1 Bh5 13. Qxb7 Rb8 14. Qc6 Rb6 15. Qa4 Rb4 16. Qxd7+ Qxd7 17. Nxd7 Kxd7 18. b3 f6 19. Ne4 Rb8 20. f3 Bb4 21. Bd2 Bxd2 22. Rad1 Ke7 23. Rxd2 Rhd8 24. Red1 Bg6 1/2-1/2

[Event "North Austria-ch Seniors 65"]
[Site "Spitz am Donau"]
[Date "2017.10.12"]
[Round "5"]
[White "Singer, Hans"]
[Black "Blodig, Reinhard"]
[Result "1-0"]
[WhiteElo "2199"]
[BlackElo "2059"]
[PlyCount "103"]
[EventDate "2017.10.08"]
[EventType "swiss"]
[EventRounds "7"]
[EventCountry "AUT"]
[SourceTitle "CBM 181 Extra"]
[Source "ChessBase"]
[SourceDate "2017.12.12"]
[SourceVersion "1"]
[SourceVersionDate "2017.12.12"]
[SourceQuality "1"]

1. c4 e5 2. Nc3 Nf6 3. Nf3 Nc6 4. e3 Be7 5. Qc2 0-0 6. a3 Re8 7. Be2 g6 8. b4 d6 9. Bb2 Bf8 10. d3 Bg7 11. b5 Nb8 12. 0-0 Nbd7 13. Nd2 Nc5 14. a4 Bd7 15. Nd5 c6 16. Nxf6+ Bxf6 17. Nb3 Nxb3 18. Qxb3 c5 19. Bf3 Rb8 20. Rfd1 Qe7 21. Qc2 h5 22. h3 Kh7 23. Qd2 Bg7 24. d4 e4 25. Be2 Bf5 26. dxc5 dxc5 27. Bxg7 Kxg7 28. Qa5 b6 29. Qc3+ Qf6 30. Qxf6+ Kxf6 31. Kf1 Red8 32. a5 Rxd1+ 33. Rxd1 Ke7 34. g4 hxg4 35. Bxg4 Be6 36. Bxe6 Kxe6 37. Kg2 f6 38. h4 Ke7 39. Kg3 Ra8 40. Ra1 Rd8 41. axb6 axb6 42. Ra7+ Ke6 43. Rb7 Rd6 44. Kf4 f5 45. Kg5 Rd2 46. Rxb6+ Ke5 47. Rc6 Rxf2 48. Rxc5+ Ke6 49. b6 Rg2+ 50. Kh6 Rb2 51. Rc6+ Kf7 52. Kg5 1-0

[Event "North Austria-ch Seniors 65"]
[Site "Spitz am Donau"]
[Date "2017.10.08"]
[Round "1"]
[White "Deleja Hotko, Karl"]
[Black "Blodig, Reinhard"]
[Result "1/2-1/2"]
[WhiteElo "1758"]
[BlackElo "2059"]
[PlyCount "109"]
[EventDate "2017.10.08"]
[EventType "swiss"]
[EventRounds "7"]
[EventCountry "AUT"]
[SourceTitle "CBM 181 Extra"]
[Source "ChessBase"]
[SourceDate "2017.12.12"]
[SourceVersion "1"]
[SourceVersionDate "2017.12.12"]
[SourceQuality "1"]

1. e4 d6 2. Nf3 Nf6 3. Nc3 g6 4. Be2 Bg7 5. 0-0 c6 6. Rb1 b5 7. d3 Nbd7 8. h3 a5 9. Be3 0-0 10. Qc1 e5 11. Nh2 Re8 12. Bg5 Nc5 13. Bg4 Ne6 14. Bxe6 Bxe6 15. Ng4 Bxg4 16. hxg4 Qd7 17. f3 Qe6 18. Kf2 Nd7 19. Bh6 Bxh6 20. Qxh6 f6 21. Rh1 Nf8 22. g5 f5 23. exf5 gxf5 24. Rh3 Qg6 25. Rbh1 Re6 26. g4 fxg4 27. Qxg6+ Rxg6 28. Rh6 d5 29. fxg4 Ra7 30. Ne2 Ne6 31. R1h5 Rf7+ 32. Ke3 c5 33. Ng3 Nd4 34. Nf5 Rxf5 35. gxf5 Nxf5+ 36. Kd2 Nxh6 37. gxh6 Re6 38. Rf5 d4 39. Ke2 c4 40. Kf3 Rxh6 41. Rxe5 Rh3+ 42. Kg2 cxd3 43. cxd3 Rxd3 44. Rxb5 a4 45. Kf2 a3 46. Ke2 Re3+ 47. Kd2 Kf7 48. bxa3 Ke6 49. Rh5 Rxa3 50. Rxh7 Ke5 51. Re7+ Kd6 52. Re8 Rxa2+ 53. Kd3 Ra4 54. Rd8+ Ke5 55. Re8+ 1/2-1/2

[Event "Pardubice Czech op-B 28th"]
[Site "Pardubice"]
[Date "2017.07.27"]
[Round "7"]
[White "Blodig, Reinhard"]
[Black "Ocko, Dominik"]
[Result "1-0"]
[WhiteElo "2059"]
[BlackElo "1845"]
[PlyCount "101"]
[EventDate "2017.07.21"]
[EventType "swiss"]
[EventRounds "9"]
[EventCountry "CZE"]
[SourceTitle "CBM 179 Extra"]
[Source "ChessBase"]
[SourceDate "2017.08.23"]
[SourceVersion "1"]
[SourceVersionDate "2017.08.23"]
[SourceQuality "1"]

1. e4 c5 2. Nc3 e6 3. g3 Nc6 4. Bg2 g6 5. d3 Bg7 6. Be3 d6 7. f4 Nge7 8. Nf3 b6 9. 0-0 0-0 10. Bf2 Rb8 11. Re1 d5 12. e5 f5 13. exf6 Bxf6 14. d4 cxd4 15. Nxd4 Nxd4 16. Bxd4 Nf5 17. Bxf6 Qxf6 18. Qd3 Qd4+ 19. Qxd4 Nxd4 20. Rad1 Nxc2 21. Re2 Nb4 22. a3 Na6 23. Nb5 Bd7 24. Nd4 Kf7 25. Nf3 Kg8 26. Bh3 Rfe8 27. Ng5 Nc7 28. Rde1 h6 29. Nxe6 Bxe6 30. Bxe6+ Nxe6 31. Rxe6 Rxe6 32. Rxe6 Rc8 33. Kf2 Rc2+ 34. Re2 Rc8 35. Ke3 Re8+ 36. Kd3 Rxe2 37. Kxe2 Kf7 38. g4 Ke6 39. Kd3 Kd6 40. Kd4 Ke6 41. b4 h5 42. h3 Kd6 43. a4 Ke6 44. a5 bxa5 45. bxa5 hxg4 46. hxg4 Kd6 47. a6 Kc6 48. Ke5 Kc5 49. f5 d4 50. f6 d3 51. f7 1-0

[Event "Gibraltar Masters 14th"]
[Site "Caleta"]
[Date "2016.01.29"]
[Round "4"]
[White "Blodig, Reinhard"]
[Black "Tarjan, James Edward"]
[Result "0-1"]
[WhiteElo "2158"]
[BlackElo "2478"]
[PlyCount "82"]
[EventDate "2016.01.26"]
[EventType "swiss"]
[EventRounds "10"]
[EventCountry "GGB"]
[SourceTitle "CBM 171"]
[Source "ChessBase"]
[SourceDate "2016.03.14"]
[SourceVersion "2"]
[SourceVersionDate "2016.03.14"]
[SourceQuality "1"]

1. e4 c5 2. Nc3 Nc6 3. g3 g6 4. Bg2 Bg7 5. d3 d6 6. f4 e6 7. Nf3 Nge7 8. 0-0 0-0 9. Be3 Nd4 10. e5 Nef5 11. Bf2 dxe5 12. Nxe5 Nd6 13. Na4 Qc7 14. c3 N4f5 15. Nxc5 Rb8 16. Qb3 b6 17. Nc6 Ra8 18. Ne4 Bb7 19. Nxd6 Qxd6 20. Qb4 Qd7 21. Ne5 Bxe5 22. Bxb7 Bxc3 23. bxc3 Qxb7 24. a4 Qd5 25. Rfd1 Rfd8 26. a5 bxa5 27. Qxa5 Qf3 28. Qe5 h5 29. Qe4 Qg4 30. Qg2 Qe2 31. h3 Rac8 32. g4 hxg4 33. Qxg4 Qb2 34. c4 Rxd3 35. Rxa7 Rcd8 36. Re1 Rd2 37. Rxe6 fxe6 38. Qxg6+ Ng7 39. Qf7+ Kh8 40. Rb7 Qa1+ 41. Kg2 Qd4 0-1

[Event "Gibraltar Masters 14th"]
[Site "Caleta"]
[Date "2016.01.26"]
[Round "1"]
[White "Blodig, Reinhard"]
[Black "Stefanova, Antoaneta"]
[Result "0-1"]
[WhiteElo "2158"]
[BlackElo "2515"]
[PlyCount "72"]
[EventDate "2016.01.26"]
[EventType "swiss"]
[EventRounds "10"]
[EventCountry "GGB"]
[SourceTitle "CBM 171"]
[Source "ChessBase"]
[SourceDate "2016.03.14"]
[SourceVersion "2"]
[SourceVersionDate "2016.03.14"]
[SourceQuality "1"]

1. g3 d5 2. Nf3 g6 3. Bg2 Bg7 4. c4 e6 5. 0-0 Ne7 6. d4 Nbc6 7. cxd5 exd5 8. e3 0-0 9. Nc3 Nf5 10. b3 Nce7 11. Ba3 Re8 12. Qd2 Nd6 13. Ne5 c6 14. Rfe1 Nef5 15. f4 a5 16. Rac1 Bf8 17. Bc5 f6 18. Bxd6 Bxd6 19. Nd3 Ba3 20. Rc2 Re7 21. Qf2 Nd6 22. e4 dxe4 23. Nxe4 Nxe4 24. Rxe4 Bf5 25. Rxe7 Bxe7 26. Qe3 Bf8 27. Rd2 Qb6 28. Nf2 a4 29. Bf1 Qb4 30. g4 Bd7 31. f5 axb3 32. fxg6 bxa2 33. gxh7+ Kh8 34. Rd1 a1Q 35. Qf4 Qd6 36. Rxa1 Rxa1 0-1

[Event "Wch Seniors 50 25th"]
[Site "Acqui Terme"]
[Date "2015.11.12"]
[Round "3"]
[White "Blodig, Reinhard"]
[Black "Bagaturov, Giorgi"]
[Result "0-1"]
[WhiteElo "2147"]
[BlackElo "2397"]
[PlyCount "100"]
[EventDate "2015.11.10"]
[EventType "swiss"]
[EventRounds "11"]
[EventCountry "ITA"]
[SourceTitle "CBM 169 Extra"]
[Source "ChessBase"]
[SourceDate "2015.12.18"]
[SourceVersion "1"]
[SourceVersionDate "2015.12.18"]
[SourceQuality "1"]

1. g3 d5 2. Nf3 g6 3. c4 c6 4. cxd5 cxd5 5. Bg2 Bg7 6. d4 Nf6 7. 0-0 0-0 8. Nc3 Ne4 9. Nxe4 dxe4 10. Ng5 Bxd4 11. Bxe4 Nc6 12. Qa4 Bd7 13. Rd1 Bg7 14. Rd2 Qc7 15. Qd1 Rad8 16. Rb1 h6 17. Nf3 f5 18. Bc2 e5 19. e4 f4 20. Nh4 Kh7 21. b4 Be6 22. Bb3 Qf7 23. Bxe6 Qxe6 24. b5 Nd4 25. Bb2 Bf6 26. Bxd4 exd4 27. f3 fxg3 28. hxg3 Bxh4 29. gxh4 Qh3 30. Rb3 Qg3+ 31. Rg2 Qxh4 32. Qc1 Rf7 33. Qc4 Qe1+ 34. Kh2 Rdf8 35. Qe6 Qh4+ 36. Kg1 Rf6 37. Qd7+ R8f7 38. Qxd4 Qe1+ 39. Kh2 Rf4 40. Rf2 Rh4+ 41. Kg3 Qh1 42. Rg2 Rh3+ 43. Kf2 Rh2 44. Rxh2 Qxh2+ 45. Kf1 Qxa2 46. Qd5 Rc7 47. Re3 Rc1+ 48. Re1 Rxe1+ 49. Kxe1 Qxd5 50. exd5 Kg7 0-1

[Event "Bayern-ch Seniors op 27th"]
[Site "Bergen"]
[Date "2015.06.15"]
[Round "8"]
[White "Blodig, Reinhard"]
[Black "Kochseder, Georg"]
[Result "1/2-1/2"]
[WhiteElo "1999"]
[BlackElo "1871"]
[PlyCount "56"]
[EventDate "2015.06.15"]
[EventType "swiss"]
[EventRounds "9"]
[EventCountry "GER"]
[SourceTitle "EXT 2019"]
[Source "ChessBase"]
[SourceDate "2018.10.10"]
[SourceVersion "1"]
[SourceVersionDate "2018.10.10"]
[SourceQuality "1"]

1. e4 e5 2. Nf3 Nc6 3. d4 exd4 4. Nxd4 d6 5. Nc3 Bd7 6. Be3 Be7 7. Be2 Nf6 8. Qd2 Ng4 9. Nxc6 bxc6 10. Bd4 Bf6 11. h3 Bxd4 12. Qxd4 Qf6 13. Qxf6 Nxf6 14. 0-0-0 g5 15. h4 g4 16. f4 Nh5 17. Bc4 Be6 18. Bxe6 fxe6 19. Ne2 Rf8 20. Rhf1 Kd7 21. Rd3 a5 22. Ra3 c5 23. Kd2 e5 24. f5 Nf6 25. Ng3 Rfb8 26. Kc1 Rb4 27. Re3 Rab8 28. b3 R4b6 1/2-1/2

[Event "Bayern-ch Seniors op 27th"]
[Site "Bergen"]
[Date "2015.06.15"]
[Round "7"]
[White "Hein, Manfred"]
[Black "Blodig, Reinhard"]
[Result "0-1"]
[WhiteElo "1850"]
[BlackElo "1999"]
[PlyCount "58"]
[EventDate "2015.06.15"]
[EventType "swiss"]
[EventRounds "9"]
[EventCountry "GER"]
[SourceTitle "EXT 2019"]
[Source "ChessBase"]
[SourceDate "2018.10.10"]
[SourceVersion "1"]
[SourceVersionDate "2018.10.10"]
[SourceQuality "1"]

1. e4 d6 2. Nf3 Nf6 3. Nc3 g6 4. d4 c6 5. h3 b5 6. a3 Bg7 7. Be3 0-0 8. Be2 a6 9. 0-0 Qc7 10. Bf4 Nh5 11. Bh2 e5 12. dxe5 dxe5 13. g4 Nf4 14. Bxf4 exf4 15. Qe1 Nd7 16. Nd1 Re8 17. Nd2 Nc5 18. f3 Be6 19. c3 Rad8 20. Rf2 Rxd2 21. Qxd2 Nb3 22. Qe1 Nxa1 23. Rf1 Nb3 24. Nf2 Rd8 25. Nd3 Bc4 26. Nc1 Qa7+ 27. Kh1 Bxe2 28. Nxe2 Qe3 29. Qf2 Rd2 0-1

[Event "Oberpfalz-ch M1"]
[Site "Schwandorf"]
[Date "2015.03.31"]
[Round "8"]
[White "Blodig, Reinhard"]
[Black "Berisha, Shpend"]
[Result "0-1"]
[WhiteElo "2206"]
[BlackElo "2006"]
[PlyCount "112"]
[EventDate "2015.03.28"]
[EventType "swiss"]
[EventRounds "8"]
[EventCountry "GER"]
[SourceTitle "EXT 2022"]
[Source "ChessBase"]
[SourceDate "2021.10.06"]
[SourceVersion "1"]
[SourceVersionDate "2021.10.06"]
[SourceQuality "1"]

1. g3 d5 2. Nf3 c5 3. Bg2 Nc6 4. d4 cxd4 5. Nxd4 e5 6. Nxc6 bxc6 7. c4 Bb4+ 8. Bd2 Bxd2+ 9. Nxd2 Ne7 10. 0-0 0-0 11. Qc2 e4 12. Rfd1 Qb6 13. c5 Qc7 14. b4 Ba6 15. Nb3 Rab8 16. Qd2 f5 17. Nd4 Rf6 18. f4 Bc4 19. Rdb1 h6 20. a4 Kh7 21. Kf2 g5 22. e3 gxf4 23. exf4 h5 24. Qe3 Bd3 25. Rb3 Bc4 26. Rbb1 Ng8 27. h4 Nh6 28. Bh3 Kg6 29. Kg2 Rc8 30. Rb2 Rb8 31. Kh1 a6 32. Re1 Qg7 33. Qc3 Qe7 34. Nc2 Qd8 35. Nd4 Qc7 36. Qe3 Qd8 37. Qd2 Bd3 38. Rc1 Qe8 39. Kg1 Rf7 40. Qc3 Bc4 41. Re1 Rfb7 42. a5 Rg7 43. Kh2 Rf7 44. Kg1 Kh7 45. Kh2 Qh8 46. Qd2 Qf6 47. Qc3 Rg8 48. Qe3 Ng4+ 49. Bxg4 Rxg4 50. Kh3 Rfg7 51. Rg1 R7g6 52. Rbb1 Bd3 53. Rbc1 Rg7 54. Ra1 Rb7 55. Ra4 Rg8 56. Rg2 Bf1 0-1

[Event "Oberbayern-ch"]
[Site "Weilheim Marnbach"]
[Date "2012.05.??"]
[Round "2"]
[White "Blodig, Reinhard"]
[Black "Guttenthaler, Franz"]
[Result "1-0"]
[WhiteElo "2117"]
[BlackElo "2160"]
[PlyCount "128"]
[EventDate "2012.05.17"]
[EventType "swiss"]
[EventRounds "7"]
[EventCountry "GER"]
[SourceTitle "EXT 2022"]
[Source "ChessBase"]
[SourceDate "2021.10.06"]
[SourceVersion "1"]
[SourceVersionDate "2021.10.06"]
[SourceQuality "1"]

1. g3 e5 2. c4 Nc6 3. Bg2 Bc5 4. e3 d6 5. Nc3 a6 6. b3 Ba7 7. Bb2 Nge7 8. Nge2 h5 9. h4 Bg4 10. a3 Qd7 11. b4 0-0 12. Qc2 Rab8 13. Rc1 Rfe8 14. 0-0 Bh3 15. Ne4 Bxg2 16. Kxg2 Qg4 17. f3 Qg6 18. Kh2 Nd8 19. Ng5 Qxc2 20. Rxc2 f6 21. Nh3 Ne6 22. f4 Rbd8 23. f5 Nf8 24. e4 Nc6 25. Nhg1 Re7 26. Kh3 Nd7 27. g4 hxg4+ 28. Kxg4 Nd4 29. Rcc1 Nb3 30. Rcd1 b5 31. cxb5 axb5 32. Bc3 c5 33. d3 Nd4 34. Bxd4 cxd4 35. Rc1 Nb6 36. Rc6 d5 37. Kf3 dxe4+ 38. Kxe4 Nc8 39. Ng3 Nd6+ 40. Kf3 Kf7 41. Re1 Bb8 42. Kg4 Ra7 43. Ra1 Ke7 44. Nf3 Kd7 45. Rc5 Bc7 46. Rc2 Rda8 47. Rca2 Bd8 48. Nd2 Be7 49. Nb3 Nb7 50. Nc1 Nd8 51. Kf3 Nf7 52. Ne4 Ra4 53. Nb3 R4a7 54. Nbc5+ Bxc5 55. Nxc5+ Ke8 56. Ne6 Nd6 57. Kg4 Kf7 58. h5 Ne8 59. Nc5 Nc7 60. a4 Nd5 61. a5 Ne3+ 62. Kf3 Nxf5 63. a6 Nd6 64. Nb7 Ne8 1-0

[Event "Oberbayern-ch"]
[Site "Weilheim Marnbach"]
[Date "2012.05.??"]
[Round "4.1"]
[White "Blodig, Reinhard"]
[Black "Zill, Christoph"]
[Result "1/2-1/2"]
[WhiteElo "2162"]
[BlackElo "2219"]
[PlyCount "84"]
[EventDate "2012.05.17"]
[EventType "swiss"]
[EventRounds "7"]
[EventCountry "GER"]
[SourceTitle "EXT 2022"]
[Source "ChessBase"]
[SourceDate "2021.10.06"]
[SourceVersion "1"]
[SourceVersionDate "2021.10.06"]
[SourceQuality "1"]

1. g3 f5 2. Bg2 Nf6 3. c4 d6 4. Nc3 e5 5. d3 Be7 6. f4 0-0 7. Nf3 exf4 8. gxf4 c6 9. 0-0 Na6 10. Kh1 Kh8 11. a3 Be6 12. b4 Nc7 13. Rb1 d5 14. cxd5 Nfxd5 15. Nxd5 Nxd5 16. Qd2 Bf6 17. Bb2 Bxb2 18. Rxb2 Qb6 19. Ng5 Bg8 20. e4 fxe4 21. Bxe4 Rad8 22. Rbb1 Qd4 23. Rbe1 Nf6 24. Qg2 Nxe4 25. dxe4 Qc3 26. f5 Qxa3 27. Rg1 Qc3 28. Qg4 Rd3 29. Ref1 Rdd8 30. Rf3 Qf6 31. Rfg3 Rd7 32. Rh3 Re8 33. Nxh7 Bxh7 34. Rxh7+ Kxh7 35. Qh5+ Qh6 36. Qxe8 Rd2 37. Qe5 Qf6 38. Qg3 Qd4 39. Qg6+ Kh8 40. Qe8+ Kh7 41. Qh5+ Kg8 42. Qe8+ Kh7 1/2-1/2

[Event "Oberbayern-ch"]
[Site "Weilheim Marnbach"]
[Date "2012.05.??"]
[Round "3.2"]
[White "Grawe, Christian"]
[Black "Blodig, Reinhard"]
[Result "1/2-1/2"]
[WhiteElo "2199"]
[BlackElo "2162"]
[PlyCount "103"]
[EventDate "2012.05.17"]
[EventType "swiss"]
[EventRounds "7"]
[EventCountry "GER"]
[SourceTitle "EXT 2022"]
[Source "ChessBase"]
[SourceDate "2021.10.06"]
[SourceVersion "1"]
[SourceVersionDate "2021.10.06"]
[SourceQuality "1"]

1. e4 d6 2. d4 g6 3. Nc3 Bg7 4. f4 Nf6 5. Nf3 c5 6. dxc5 Qa5 7. Qd4 dxc5 8. Qc4 0-0 9. Qb5 Qxb5 10. Bxb5 a6 11. Bd3 Rd8 12. e5 Ne8 13. Be3 b6 14. Be4 Ra7 15. Nd5 f5 16. exf6 Nxf6 17. 0-0-0 Re8 18. Nxf6+ exf6 19. Bd5+ Kf8 20. Rhe1 Rc7 21. Bf2 Bh6 22. g3 Nc6 23. a3 Rxe1 24. Rxe1 Ne7 25. Be6 Bxe6 26. Rxe6 Rc6 27. Rxc6 Nxc6 28. b4 cxb4 29. Bxb6 Kf7 30. Kb2 Bf8 31. axb4 Bxb4 32. Kb3 Ke6 33. c3 Bd6 34. Kc4 Ne7 35. Nd4+ Kd7 36. Bc5 Nc6 37. Nb3 Bc7 38. Bb4 Nxb4 39. cxb4 Bb6 40. Nc5+ Kc6 41. Nxa6 Bg1 42. Nc5 Bxh2 43. b5+ Kc7 44. g4 Kd6 45. f5 gxf5 46. gxf5 h5 47. Ne4+ Ke5 48. Nxf6 Kxf6 49. Kd3 h4 50. Ke2 Kxf5 51. Kf1 h3 52. b6 1/2-1/2

[Event "Dresden ZMD op 20th"]
[Site "Dresden"]
[Date "2011.08.07"]
[Round "2"]
[White "Wichmann, Cliff"]
[Black "Blodig, Reinhard"]
[Result "1-0"]
[WhiteElo "2360"]
[BlackElo "2113"]
[PlyCount "65"]
[EventDate "2011.08.06"]
[EventType "swiss"]
[EventRounds "9"]
[EventCountry "GER"]
[SourceTitle "CBM 143 Extra"]
[Source "ChessBase"]
[SourceDate "2011.08.29"]
[SourceVersion "1"]
[SourceVersionDate "2011.08.29"]
[SourceQuality "1"]

1. Nf3 g6 2. d4 Bg7 3. e4 d6 4. Bc4 Nf6 5. Qe2 0-0 6. 0-0 c6 7. Bb3 d5 8. Nbd2 a5 9. c3 a4 10. Bc2 Nbd7 11. e5 Ne8 12. h4 Nc7 13. Ng5 Nb6 14. f4 Bf5 15. Bxf5 gxf5 16. g4 fxg4 17. Qd3 f5 18. exf6 Rxf6 19. Qxh7+ Kf8 20. Qh5 Kg8 21. Qxg4 Nd7 22. Ndf3 Qe8 23. Bd2 Rh6 24. Rae1 Nf6 25. Qh3 Ne4 26. Nxe4 dxe4 27. Rxe4 Bf6 28. f5 Rh7 29. Rg4+ Kh8 30. Rf2 Rf7 31. Qg3 Nd5 32. Ne5 Bxe5 33. Qxe5+ 1-0

[Event "Oberpfalz-ch M1"]
[Site "Roding"]
[Date "2010.03.30"]
[Round "8"]
[White "Blodig, Reinhard"]
[Black "Schmid, Roland1111"]
[Result "0-1"]
[WhiteElo "2067"]
[BlackElo "2147"]
[PlyCount "84"]
[EventDate "2010.03.27"]
[EventType "swiss"]
[EventRounds "8"]
[EventCountry "GER"]
[SourceTitle "EXT 2012"]
[Source "ChessBase"]
[SourceDate "2011.11.24"]
[SourceVersion "1"]
[SourceVersionDate "2011.11.24"]
[SourceQuality "1"]

1. g3 e6 2. Bg2 d5 3. f4 Nf6 4. Nf3 Bd6 5. 0-0 0-0 6. b3 Nbd7 7. Bb2 b6 8. e3 Ba6 9. d3 c5 10. c4 Rc8 11. Nbd2 Qe7 12. Ne5 Bb8 13. Ndf3 Bb7 14. Qe2 Rcd8 15. Rad1 Nxe5 16. Nxe5 Nd7 17. cxd5 Nxe5 18. fxe5 Bxd5 19. d4 Bxg2 20. Kxg2 cxd4 21. exd4 Rd5 22. Rc1 Qd7 23. Rf2 Qb7 24. Qe4 Rfd8 25. h4 h6 26. Kh3 a6 27. Qc2 Qe7 28. Rcf1 Rf8 29. a4 Ba7 30. Rf4 Qd7 31. Qf2 f5 32. h5 b5 33. axb5 axb5 34. Qe3 Rd8 35. Rd1 Bc5 36. g4 Be7 37. gxf5 Bg5 38. Qf3 Bxf4 39. Qxf4 Qf7 40. Qg4 exf5 41. Qe2 f4 42. Qg4 Rxe5 0-1

[Event "Oberpfalz-ch M1"]
[Site "Roding"]
[Date "2010.03.30"]
[Round "7"]
[White "Giessmann, Stephan"]
[Black "Blodig, Reinhard"]
[Result "1/2-1/2"]
[WhiteElo "2154"]
[BlackElo "2067"]
[PlyCount "55"]
[EventDate "2010.03.27"]
[EventType "swiss"]
[EventRounds "8"]
[EventCountry "GER"]
[SourceTitle "EXT 2012"]
[Source "ChessBase"]
[SourceDate "2011.11.24"]
[SourceVersion "1"]
[SourceVersionDate "2011.11.24"]
[SourceQuality "1"]

1. d4 Nf6 2. Bg5 c5 3. c3 e6 4. e3 b6 5. Nf3 Be7 6. Nbd2 0-0 7. Bd3 Ba6 8. Bxa6 Nxa6 9. 0-0 Nd5 10. Bxe7 Qxe7 11. e4 Ndc7 12. Qe2 d6 13. a3 Rac8 14. Rac1 Rfd8 15. Rfd1 Nb8 16. b4 h6 17. Nf1 d5 18. e5 Qd7 19. Ne3 cxb4 20. cxb4 Nb5 21. Qd3 a6 22. Nd2 Rxc1 23. Rxc1 Rc8 24. Rxc8+ Qxc8 25. Nc2 Qc3 26. Qxc3 Nxc3 27. f3 Kf8 28. Kf2 1/2-1/2